000
00263nam a22001097a 4500
041
_a
eng
080
_a
80
100
_a
Аракин, В. Д.
245
_a
Сравнительная типология англ. и рус. яз..
650
_a
EFL
999
_c
280478
_d
280478
942
_c
BK